• 首页
  • 本馆介绍
  • 公告通知
  • 最新文献
  • 馆藏检索
  • 电子资源
  • 读者导购
  • 参考咨询
  • 我的图书馆
  • 登录
  • 详细信息显示
  • 放入我的书架
  • 预约/预借图书
  • 作者相关作品
  • 分类相关作品
  • 丛书相关作品
  • 出版社相关作品

书目信息

  • 表格格式
  • 工作单格式
  • 卡片格式
题名:
弯坡斜石拱桥设计算例
    
 
作者: 徐家兴 , 陈万荃 编
分册:  
出版信息: 北京   人民交通出版社  
页数: 195页
开本: 20cm
丛书名:
单 册:
中图分类: U448.22
科图分类:
主题词: 桥涵工程
电子资源:
ISBN:
000 00588nam0 2200205 45
001 0312221749
005 20031222170901.9
010    @dCNY1.00
100    @a20031222d km y0chiy0120 ea
101    @achi
105    @a z 000yy
200 1  @a弯坡斜石拱桥设计算例@AWan Po Xie Shi Gong Qiao She Ji Suan Li@f徐家兴,陈万荃编@FXu Jia Xing,Chen Wan Quan Bian
210    @a北京@c人民交通出版社
215    @a195页@d20cm
606 0  @a桥涵工程
690    @aU448.22@v3
701 0  @a徐家兴@4编
701 0  @a陈万荃@4编
801    @aCN@bTSTCL@c20031222
905    @a213230@dU448.22@e2@b59763-764@f2
    
    弯坡斜石拱桥设计算例/徐家兴,陈万荃编.-北京:人民交通出版社
    195页;20cm
    
    
    ISBN :CNY1.00
    
●
相关链接 在E读中查询图书 在五车中查询图书 在当当中查询图书 在豆瓣中查询图书


正题名:弯坡斜石拱桥设计算例     索取号:U448.22/2         预约/预借

序号 登录号 条形码 馆藏地/架位号 状态 备注
1 0059763   001483344   第三借阅区/ [索取号:U448.22/2] 在馆    
2 0059764   001483335   第二样本阅览室/ [索取号:U448.22/2] 在馆    
唐山师范学院图书馆 欢迎您!
大连网信软件有限公司© 版权所有